01716 2200445 4500001002100000005001500021035002000036008004100056020001500097041000800112082001200120084001800132100002700150245005500177260004400232300003600276504001500312520043400327650002900761990002400790990002400814990002400838990002400862990002400886990002400910990002400934990002400958990002400982990002401006990002401030990002401054990002401078990002401102990002401126990002401150990002401174990002401198990002401222990002401246INLIS00000000000791920221026021804 a0010-0520007919221026 | | ind  a9797690671 aind a336.272 a336.272 MAR b0 aMarihot Pahala Siahaan1 aBea Meterai di Indonesia /cMarihot Pahala Siahaan aJakarta :bRaja Grafindo Persada,c2006 axi, 326 p. :b: ilus. ;c21 cm. ap. 285-289 aBuku ini mengupas tentang bea materai yang merupakan pajak atas dokumen yang dipungut berdasarkan ketentuan yang jelas dan memiliki dasar hukum yang kuat, yaitu dengan undang-undang. Hanya saja memang aturan bea materai secara benar belum banyak dipahami oleh masyarakat sehingga masih banyak yang tidak mengetahui bahwa bea materai merupakan pajak tidak langsung yang berfungsi sebagai sarana untuk memasukkan penerimaan negara. 4aStamp duties - Indonesia a18204/MKRI-P/X-2010 a18203/MKRI-P/X-2010 a18205/MKRI-P/X-2010 a18206/MKRI-P/X-2010 a18204/MKRI-P/X-2010 a18203/MKRI-P/X-2010 a18205/MKRI-P/X-2010 a18206/MKRI-P/X-2010 a18206/MKRI-P/X-2010 a18204/MKRI-P/X-2010 a18203/MKRI-P/X-2010 a18205/MKRI-P/X-2010 a18205/MKRI-P/X-2010 a18204/MKRI-P/X-2010 a18203/MKRI-P/X-2010 a18206/MKRI-P/X-2010 a18203/MKRI-P/X-2010 a18204/MKRI-P/X-2010 a18205/MKRI-P/X-2010 a18206/MKRI-P/X-2010